000 01092cam a2200337 i 4500
001 41090
003 Mx-PuUPA
005 20260427095146.0
008 140415s2012 sp gr 001 0 spa d
017 _aM. 21386-2012
020 _a9788420608532
040 _aMx-PuUPA
_bspa
_cMx-PuUPA
_dMx-PuUPA
_erda
041 1 _aspa
_hund
100 1 _aHuizinga, Johan,
_d1872-1945
_918035
_eautor
245 1 _aHomo ludens /
_cJohan Huizinga ; traducción de Eugenio Imaz
250 _aTercera edición
264 1 _aMadrid, España :
_bAlianza Editorial,
_c2012
300 _a339 páginas ;
_c18 cm
336 _2rdacontent
_atexto
_btxt
337 _2rdamedia
_asin medio
_bn
338 _2rdacarrier
_avolumen
_bnc
490 0 _aEl libro de bolsillo ;
_vHU22
650 7 _2armarc
_aCivilización
_xFilosofía
650 7 _2armarc
_aJuego
_xAspectos sociales
650 7 _2armarc
_aAntropología filosófica
700 1 _aImaz, Eugenio,
_etraductor
765 0 _aHuizinga, Johan
_tHomo ludens
942 _2ddc
_cLI
_h901
_iH8518
999 _c41090
_d41090